殺人水車館
| 資料類型: | 圖書 | 書目號: | 20891 |
Leader xxxxxxxxxx 001 __ PCLIS00020891 005 __ 20210401141130.0 010 0_ |a957-33-0780-4|b平裝|dNT$180 100 __ |a19870509d1991 m y1chiy09 e 101 0_ |achi 102 __ |atw 105 __ |ae z 000ay 200 1_ |a殺人水車館|f綾[辻]行人作|g郭清華譯 204 0_ |a1 205 __ |a初版 225 2_ |a綾辻行人推理小說|v2 225 2_ |a皇冠叢書|v2051 210 __ |a臺北巿|c皇冠|d1991[民80] 215 0_ |a276面|c圖|d21公分 300 __ |a譯自: 水車館ソ殺人 606 __ |2cst|a小說 681 __ |a861.57|b8977 700 _1 |a綾辻|b行人|4作 702 _1 |a郭|b清華|4譯 770 _1 |aAyatsuji|bYukito|f1960- 801 _0 |atw|b內湖高中|c20010622 |